000 00718nam a2200205 i 4500
001 154164
003 ES-MaACL
005 20250710064920.0
008 050908m18981899fr |||| | fre d
100 1 _aFrance, Anatole,
_d1844-1924
_9240108
245 1 3 _aLa vie littéraire /
_cpar Anatole France.
250 _a7e éd.
260 _aParis :
_bCalmann Lévy,
_c1898-1899 (
_eCoulommiers :
_fImp. Paul Brodard)
300 _a4 v. ;
_c18 cm.
500 _aEl 4º v. es de 1898.
594 _aAnatole France es el seudónimo de Jacques Anatole Thibault.
650 4 _aLiteratura francesa-
_xHistoria y crítica
_914586
852 _aES-MaACL
_jB-2732-34
_z- Enc. pasta española
999 _c154164
_d154164